• 首页
  • 本馆介绍
  • 公告通知
  • 最新文献
  • 馆藏检索
  • 电子资源
  • 读者导购
  • 参考咨询
  • 我的图书馆
  • 登录
  • 详细信息显示
  • 放入我的书架
  • 预约/预借图书
  • 作者相关作品
  • 分类相关作品
  • 丛书相关作品
  • 出版社相关作品

书目信息

  • 表格格式
  • 工作单格式
  • 卡片格式
题名:
中国设计教育模式研究
    
 
作者: 于静 编著
分册:   包装设计教程
出版信息: 沈阳   辽宁美术出版社  2015.06
页数: 128,119,84页
开本: 27cm
丛书名:
单 册:
中图分类: J06 , TB482
科图分类:
主题词: 设计--研究--中国 , 包装设计--教材
电子资源:
ISBN: 978-7-5314-6708-3
000 00991nam0 2200277 450
001 0120151525542
005 20170327170335.97
010    @a978-7-5314-6708-3@b精装@dCNY280.00
100    @a20150318d2015 em y0chiy50 ea
101 0  @achi
102    @aCN@b210000
105    @aa z 000yy
106    @ar
200 1  @a中国设计教育模式研究@9zhong guo she ji jiao yu mo shi yan jiu@i包装设计教程@dThe research on Chinese design education pattern@iThe package design course@f于静等编著@zeng
210    @a沈阳@c辽宁美术出版社@d2015.06
215    @a128,119,84页@c图,照片@d27cm
330    @a本书主要内容包括:包装设计、包装设计效果图表现和品牌形象设计三部分。
333    @a包装设计人员
510 1  @aResearch on Chinese design education pattern@iThe package design course@zeng
606 0  @a设计@x研究@y中国
606 0  @a包装设计@j教材
690    @aJ06@v5
690    @aTB482@v5
701  0 @a于静@9yu jing@4编著
801  0 @aCN@b人天书店@c20150318
905    @b983011-13@dJ06@e336@f3
    
    中国设计教育模式研究.包装设计教程=The research on Chinese design education pattern.The package design course/于静等编著.-沈阳:辽宁美术出版社,2015.06
    128,119,84页:图,照片;27cm
    使用对象:包装设计人员
    
    ISBN 978-7-5314-6708-3(精装):CNY280.00
    本书主要内容包括:包装设计、包装设计效果图表现和品牌形象设计三部分。
●
相关链接 在E读中查询图书 在五车中查询图书 在当当中查询图书 在豆瓣中查询图书


正题名:中国设计教育模式研究     索取号:J06/336         预约/预借

序号 登录号 条形码 馆藏地/架位号 状态 备注
1 983011   209830110   第一样本阅览室/ [索取号:J06/336] 在馆    
2 983012   209830129   密集书库-美术系/ [索取号:J06/336] 在馆    
3 983013   209830138   第一借阅区/ [索取号:J06/336] 在馆    
唐山师范学院图书馆 欢迎您!
大连网信软件有限公司© 版权所有